Name That Artist- Hip Hop & R&B - Statistics

General Stats
  • This quiz has been taken 439 times
  • The average score is 8 of 15
Answer Stats
Song Artist % Correct
Started From the Bottom Drake
86%
Poetic Justice Kendrick Lamar Feat. Various Artists
79%
Rack City Tyga
77%
Blurred Lines Robin Thicke Feat. Pharrel & T.I.
76%
F**kin Problem A$ap Rocky feat. Various Artists
75%
Adorn Miguel
54%
Birthday Song 2 Chainz Feat. Kanye West
52%
Bugatti Ace Hood Feat. Future & Rick Ross
51%
Bands a Make Her Dance Juicy J Feat. 2 Chainz & Lil Wayne
51%
Body Party Ciara
43%
Same D*** Time Future
40%
Kisses Down Low Kelly Rowland
36%
We Still in This B**** B.o.b.Feat. T.I. & Juicy J
28%
Chum Earl Sweatshirt
19%
1991 Azealia Banks
8%
No matching quizzes found
Score Distribution
Percent of People with Each Score
Percentile by Number Answered
Your Score History
You have not taken this quiz